000 00288nam a2200133Ia 4500
100 _aNarayan/S/ Venkatesan/K
942 _cBK
654 _aMaths
245 _aEngineering Mathematics I
260 _bS.Chand & co
_aNewDelhi
_c1968
082 _a510
300 _a496
546 _aENGLISH
999 _c29373
_d29373